00474nam a2200181Ia 4500003000900000008004100009020001800050040001600068080001700084100001800101245004400119260003800163300001600201490002400217650002100241650001600262650001400278IN-BaIIA211028s9999 xx 000 0 eng d a1-85233-023-6 cIIA Library a520.853bCHA aCharles, J. R 0aPractical astrophographycJ. R. Charles aHeidelbergbSpringer-Verlagc2000 axvii, 301p. aPractical Astronomy aAstroohotography aPhotography aTelescope